000 nam a22 a 4500
999 _c117407
_d117407
003 BLK
005 20220930132421.0
008 180409b bul|||||r ||||||| ||bul||
010 _aKNG00122993000
040 _aBLK
041 _aBUL
_cBUL
080 _aЕксплоатация на безрелсовия транспорт и пътищата
_b656.1
_x(094)
_z656.1(094)
139 _aАвтомобилен транспорт
_bА 22
245 1 0 _aАвтомобилен транспорт
_bСб. закони, укази, постановления и разпореждания на Минист. съвет, правилници, наредби и др.
_cсъстав. Димитър Ил. Попов.
257 _aBGR
260 _aСофия
_bНаука и изкуство
_c1975
_fВраца : В. Александров
300 _a475 с.
_bс табл.
_c22 см
380 _a62
650 4 _aАвтомобилен транспорт
_9276506
653 _aавтомобилен транспорт
653 _aнормативни документи
700 1 _aПопов, Димитър Ил.
_eсъстав.
_9315232
852 _aЦб 76912
_bЦб
856 4 _qpdf
856 4 _qpdf
942 _cKNG
_n0
_s1
944 _aCR
_c21.04.2011
_lдобави в АБ / 20.04.2011
_kДиана_Димитрова
944 _aED
_c2022-09-30
_kир
999 _d117407